000
00336nam a2200145Ia 4500
008
191201s1982 xx 000 0 und d
082
_a
621
_b
JAE
100
_a
JACOBOWITZ, Henry
245
0
_a
Electronics Made Simple
250
_a
1st
260
_a
N. Delhi
_b
Rupa and Co.
_c
1982
300
_a
307
650
_a
Applied
942
_2
ddc
_c
BK
999
_c
642
_d
642